LEADER 01279nam a2200313 i 4500 001 000000172014 003 CaOOAMICUS 005 20250910125222.0 008 080527s1964 it u000 u mul u 013 $a149451 040 $aSeMil$bita 100 0 $aPaulus VI,$c.$0(OLS)http://semarc/name/803 245 10$aPiloti di una societą pił giusta :$bdiscorso di Papa Paolo 6. alla UCID. 260 $aTorino :$bUCID,$cstampa 1964. 300 $a93 p. :$b[1] c. di tav. ;$c20 cm. 500 $aFondo Card. Giovanni Colombo. 650 4$aPaolo VI - Discorsi.$0(OLS)http://semarc/subject/55959 650 4$aUCID .$0(OLS)http://semarc/subject/32203 850 $aSeMil 852 $aSeMil$W1$xVenegono$y1$m3E II 327$j122877$B122877$CSeMilBibl$Z2$F137963 $81 900 1 $aMontini, Giovanni Battista,$d<1897-1978>. 900 0 $aPaolo VI$c. 941 1 $a3 961 $aLascito: Colombo Card. Giovanni 996 $6245$aPiloti di una societą pił giusta :$bdiscorso di Papa Paolo 6. alla UCID$9(OLS)http://semarc/title/246226 996 $6260$aTorino :$bUCID$9(OLS)http://semarc/publisher/49087 LEADER 01019nam a2200241 i 4500 001 000000175555 003 CaOOAMICUS 005 20081126000000.0 008 081126s1997 it u000 u mul u 013 $a153036 020 $a88-452-2924-6 040 $aSeMil$bita 100 1 $aAbbado, Claudio <1933-2014>.$0(OLS)http://semarc/name/54772 245 10$aMusica sopra Berlino :$bconversazione con Lidia Bramani /$cClaudio Abbado. 260 $aMilano :$bBompiani,$c1997. 300 $a233 p., [6] p. di tav. :$bill. ;$c23 cm. 650 4$aAbbado, Claudio <1933-2014> - Interviste.$0(OLS)http://semarc/subject/33479 850 $aSeMil 852 $aSeMil$W1$xVenegono$y1$m3Q III 25$j126377$B126377$CSeMilBibl$Z2$F138600 $81 961 $aOmaggio: Ravasi mons. Gianfranco 996 $6020$a88-452-2924-6$9(OLS)http://semarc/number/163840 996 $6245$aMusica sopra Berlino :$bconversazione con Lidia Bramani$9(OLS)http://semarc/title/251810 996 $6260$aMilano :$bBompiani$9(OLS)http://semarc/publisher/29706